| 000 | 00576nam a2200193 4500 | ||
|---|---|---|---|
| 001 | 132641 | ||
| 003 | ES-MaACL | ||
| 005 | 20250814230842.0 | ||
| 007 | t| | ||
| 008 | 070214s1984 sp r ||||1| spa d | ||
| 100 | 1 |
_aRomano, Vicente. _999259 |
|
| 245 | 1 | 0 |
_aIntroducción al periodismo _b: información y conciencia / _cVicente Romano. |
| 260 |
_aBarcelona : _bTeide, _c1984. |
||
| 300 |
_a171 p. : _bil. ; _c22 cm. |
||
| 490 | 1 | _aCiencias sociales | |
| 830 | 0 | 0 |
_aCiencias sociales _9177859 |
| 852 |
_aES-MaACL _jL-7435 _bR.108078 |
||
| 999 |
_c132641 _d132641 |
||